000 00755nam a2200205Ia 4500
001 11459
003 GE_BSU
008 181216s||||||||xx |||||||||||||| ||und||
040 _cGE_BSU
100 _aფარჯანაძე,შ; მახათაძე,გ.
245 _aბორჯომი ბალნეოლოგიური კურორტი
245 _cრედ:შ.ჭალაგანიძე; მხატვ:ნ.ლაფაჩი.
260 _aთბილისი
260 _bსაბჭოთა საქართველო
260 _c1975
300 _a71გვ;18სმ.
300 _bილ.
653 _aბორჯომი ბალნეოლოგიური კურორტი
942 _cBK
999 _c44656
_d44656